Electrónica cuántica: lo fundamental sobre transistores y rayos láser
Guardat en:
| Autor principal: | |
|---|---|
| Format: | Llibre |
| Idioma: | espanyol |
| Publicat: |
Buenos Aires
EUDEBA
1973
|
| Edició: | 2a. ed |
| Col·lecció: | Biblioteca de Divulgación. Ciencia Joven
|
| Matèries: | |
| Etiquetes: |
Afegir etiqueta
Sense etiquetes, Sigues el primer a etiquetar aquest registre!
|
MARC
| LEADER | 00000nam a2200000 a 4500 | ||
|---|---|---|---|
| 001 | UCU6100 | ||
| 003 | CL-VaPUC | ||
| 008 | 960614e19730000AG |||||||||||||||||spa|d | ||
| 082 | 0 | 4 | |a 537.5 |b PIE |2 21 |
| 100 | 0 | |a Pierce, John R |e author |9 364212 | |
| 245 | 1 | 0 | |a Electrónica cuántica: lo fundamental sobre transistores y rayos láser |
| 250 | |a 2a. ed | ||
| 300 | |a 166 p | ||
| 942 | |c BK | ||
| 945 | |d 19960614 00:00:00 |a lriquelm | ||
| 260 | |a Buenos Aires |b EUDEBA |c 1973 | ||
| 650 | 0 | |a Electrónica |9 263192 | |
| 650 | 7 | |a ELECTRONICA CUANTICA |2 CL-VaPUC |9 263203 | |
| 650 | 7 | |a LASER |2 CL-VaPUC |9 360528 | |
| 650 | 7 | |a MASER |2 CL-VaPUC |9 364213 | |
| 650 | 7 | |a RUIDO |2 CL-VaPUC |9 263306 | |
| 650 | 7 | |a DISPOSITIVOS SEMICONDUCTORES |2 CL-VaPUC |9 361201 | |
| 583 | |a last modification |c 19960614 00:00:00 |k Rodrigo Vera | ||
| 490 | 0 | |a Biblioteca de Divulgación. Ciencia Joven | |
| 999 | |c 249146 |d 249144 | ||
| 952 | |0 0 |1 0 |4 0 |6 537_500000000000000_PIE_1973 |7 0 |8 A |9 266207 |a BIBING |b BIBING |d 2019-11-19 |i 1681265 |o 537.5 PIE 1973 |p 1681265 |r 2023-03-06 |w 2019-11-19 |y BK |k EIE | ||